000 00918nam a2200265Ia 4500
003 OSt
005 20221005062256.0
006 a|||||r|||| 00| 0
007 ta
008 221004b |||||||| |||| 00| 0 eng d
020 _a9780415371254 (hbk)
_c5128.56
024 _a96129
037 _b2616, 25/03/2009, Pioneer Books Distributors
_cTextual
040 _aCRL
_cCRL
_beng
041 _2eng
_aeng
082 _aQ4v4498, P6
100 _aHarris Elizabeth J.
_9453240
245 0 _aTherveda buddhism and the British encounter
_b Religious, missionary and colonial experience in nineteenth-century Sri Lanka
260 _aLondon
_bRoutledge UK
_c2006
300 _axiv,274p.
_ccm.
490 _aRoultedge critical studies in Buddhism
650 _aRELIGION
942 _hQ4v4498, P6
_cTEXL
_2cc
999 _c969424
_d969424